00918 2200373 4500001002100000005001500021035002000036007000300056008004100059020001800100082001000118084001600128100001700144245006000161260002600221300002000247650002100267990001600288990001600304990001600320990001600336990001600352990001600368990001600384990001600400990001600416990001600432990001600448990001600464990001600480990001600496990001600512990001600528INLIS00000000000023320180906080000 a0010-0918000104ta180906 0 ind  a9789790440944 a614.4 a614.4 MAN b0 aManya Magnus1 aBuku ajar epidemiologi penyakit menular /cManya Magnus aJakarta :bEGC,c2010 a363 p ;c24 cm. aPenyakit menular a00000000982 a00000000979 a00000000980 a00000000981 a00000000981 a00000000979 a00000000980 a00000000982 a00000000980 a00000000979 a00000000981 a00000000982 a00000000979 a00000000980 a00000000981 a00000000982